00462pam a2200181 a 4500001000800000005001700008008004100025010001700066020003900083040001800122041000800140080001600148082002000164100000600184101000800190245005700198504002500255327899120180103043631.0821006s1983 caua b 001 0 eng  a 82019826  a0933014821 (pbk.) :c$15.00 (est.) aDLCcDLCdDLC aeng a616.855 END00a616.855 END2191 a3 aSHM10aFrenchay dysarthria assessment /cPamela M. Enderby. aBibliography: p. 54.